Datum a čas kvízu
35
Celkem bodů
Celkový počet nahraných bodů na tomto kvízu bez doplňovacích otázek.
2.
Pořadí na kvízu
Konečné umístění týmu na tomto kvízu.
Zaznamenané odpovědi
| # | Otázka | Odpověď | Body | Výsledky |
|---|---|---|---|---|
| 1. | Vodákům nebude od příští sezon... | 0,5 ‰ | 0 | |
| 2. | V úterý překročil podle Organi... | 8 miliard | 0 | |
| 3. | Letošní vyhlašování hudebních... | Taylor Swift | 0 | |
| 4. | V úterý a ve středu se konal s... | Bali | 0 | |
| 5. | Hokejová Sparta Praha má novéh... | Miloslav Hořava | 0 | |
| 6. | Jméno Dukla je v českém prostř... | Ludvík Svoboda | 1 | |
| 7. | Nejslavnějším atletem Dukly Pr... | A | 1 | |
| 8. | Fotbalisté Dukly Praha na počá... | Ota Pavel | 0 | |
| 9. | Dvoudílný televizní film David... | Havířov | 1 | |
| 10. | Svatý Jan z Dukly byl františk... | Polsko | 0 |